|
|
|
|
| LEADER |
00809nab a2200205 i 4500 |
| 001 |
acta48891 |
| 005 |
20251001134230.0 |
| 008 |
170706s2017 hu o 000 eng d |
| 022 |
|
|
|a 1588 2039
|
| 040 |
|
|
|a SZTE Egyetemi Kiadványok Repozitórium
|b hun
|
| 041 |
|
|
|a eng
|
| 100 |
1 |
|
|a Szőcs Tibor
|
| 245 |
1 |
2 |
|a A history of the palatinal institution in the Árpádian Age and in the first half of the Angevin Period (1000-1342)
|h [elektronikus dokumentum] /
|c Szőcs Tibor
|
| 260 |
|
|
|c 2017
|
| 300 |
|
|
|a 124-132
|
| 490 |
0 |
|
|a Chronica
|v 13
|
| 650 |
|
4 |
|a Bölcsészettudományok
|
| 650 |
|
4 |
|a Történettudomány és régészet
|
| 695 |
|
|
|a Államszervezet - Magyarország - 11-14. sz., Magyarország története - 11-14. sz.
|
| 856 |
4 |
0 |
|u http://acta.bibl.u-szeged.hu/48891/1/chronica_013_124-132.pdf
|z Dokumentum-elérés
|